Music Quiz

Random Music or Song Quiz

Woody Guthrie Songs (Part 1) Quiz Stats

 Plays Quiz not verified by Sporcle

Challenge
Share
Tweet
Embed
Score 0/100 Timer 15:00
0 Plays Today
Song % Correct
Do Re Mi
40%
Deportee
33.3%
Car Song
26.7%
Dust Bowl Blues
26.7%
Going Down the Road
26.7%
1913 Massacre
20%
1 2 3 4 5 6 7 8
13.3%
All You Fascists
13.3%
Baltimore to Washington
13.3%
Black Wind Blowing
13.3%
Buffalo Gals
13.3%
Christ for President
13.3%
Cocaine Blues
13.3%
Billy the Kid
6.7%
Birds and Ships
6.7%
Bound for Glory
6.7%
California Stars
6.7%
Circle of Truth
6.7%
Cleano
6.7%
Come See
6.7%
Dear Mrs. Roosevelt
6.7%
Dust Can't Kill Me
6.7%
Dust Pneumonia Blues
6.7%
End of My Line
6.7%
Aginst Th' Law
0%
Ain'ta Gonna Grieve
0%
Airline to Heaven
0%
All Work Together
0%
All Ya Gotta Do is Touch Me
0%
Along in the Sun and the Rain
0%
Angel's Blues
0%
Another Man's Done Gone
0%
Around New York
0%
Ashes to Ashes, Dust to Dust
0%
Song % Correct
At My Window Sad and Lonely
0%
Atom Dance
0%
Be Kind to the Boy on the Road
0%
Be No Church Tonight
0%
Bed on the Floor
0%
Been Down the River Too Long
0%
Been Out on an Ocean Trip
0%
Belle Starr
0%
Better World
0%
Bigger
0%
Biggest Thing That Man Has Ever Done
0%
Black Diamond
0%
Bling Blang
0%
Blood of the Lamb
0%
Blue Eyes
0%
Bubble Gum
0%
Budded Roses
0%
Buffalo Skinners
0%
Bugeye Jim
0%
Cadillac Eight
0%
Careless Reckless Love
0%
Chain of Broken Hearts
0%
Changing World
0%
Chisholm Trail
0%
Chorine My Sheba Queen
0%
Columbia's Waters
0%
Come When I Call You
0%
Condor Bird
0%
Curly Headed Baby
0%
Dance a Little Longer
0%
Dance Around
0%
Dance Around My Atom Fire
0%
Danville Girl
0%
Dead or Alive
0%
Song % Correct
The Debt I Owe
0%
Dirty Overhalls
0%
Dollar Down
0%
Don't Kill My Baby and My Son
0%
Don't You Marry
0%
Don't You Push Me Down
0%
Dopefiend Robber
0%
Dry Bed
0%
Dust Bowl Refugee
0%
Dust Storm Disaster
0%
The Dying Docter
0%
The Dying Miner
0%
Ease My Revolutionary Mind
0%
East Texas Red
0%
Eisler on the Go
0%
Every 100 Years
0%
Faith Will You
0%
Farmer Labor Train
0%
Fastest of Ponies
0%
Feed of Man
0%
Fly High
0%
Folk Song
0%
Fox and the Goose
0%
From Here on In
0%
Gamblin Man
0%
Give Me a Nail
0%
Go Back and Try
0%
Go Down to the Water
0%
God and Joseph
0%
God's Promise
0%
Goin' Away to Sea
0%
Going Up the Mountain
0%

You're not logged in!

Compare scores with friends on all Sporcle quizzes.
OR
Log In

You Might Also Like...

Show Comments

Extras

Top Quizzes Today


Score Distribution

Your Account Isn't Verified!

In order to create a playlist on Sporcle, you need to verify the email address you used during registration. Go to your Sporcle Settings to finish the process.

Report this User

Report this user for behavior that violates our Community Guidelines.

Details: